Sports Quiz

Random Sports or NFL Quiz

NFL Teams Backwards Quiz Stats

 Plays Quiz not verified by Sporcle

Challenge
Share
Tweet
Embed
Score 0/32 Timer 02:00
0 Plays Today
Team Name Backwards Team Name % Correct
stejJets
99.1%
snoclafFalcons
99.1%
stnaigGiants
98.1%
stniasSaints
98.1%
sre9449ers
98.1%
sraugajJaguars
97.2%
sfeihcChiefs
96.3%
stlocColts
96.3%
smarRams
94.4%
slagnebBengals
93.5%
snevarRavens
93.5%
srekcapPackers
92.6%
syobwocCowboys
92.6%
srediarRaiders
90.7%
snihplodDolphins
90.7%
sreleetsSteelers
89.8%
Team Name Backwards Team Name % Correct
sllibBills
88.9%
snoilLions
88%
snworbBrowns
88%
skwahaesSeahawks
87%
snatitTitans
86.1%
sreenaccubBuccaneers
85.2%
sregrahcChargers
82.4%
stoirtapPatriots
81.5%
sgnikivVikings
80.6%
sniksderRedskins
77.8%
selgaeEagles
76.9%
sraebBears
75.9%
socnorbBroncos
75%
slanidracCardinals
72.2%
snaxetTexans
70.4%
srehtnapPanthers
68.5%

You're not logged in!

Compare scores with friends on all Sporcle quizzes.
OR
Log In

You Might Also Like...

Show Comments

Extras

Created May 2, 2016ReportNominate
Tags:NFL Quiz, backward, spelled, team

Top Quizzes Today


Score Distribution

Your Account Isn't Verified!

In order to create a playlist on Sporcle, you need to verify the email address you used during registration. Go to your Sporcle Settings to finish the process.

Report this User

Report this user for behavior that violates our Community Guidelines.

Details: